Gaming Quiz

Random Gaming or Board Games Quiz

3 Clues: Popular Games Quiz Stats

 Plays Quiz Updated May 1, 2015

Support Sporcle.
Go Orange.
Score 0/16 Timer 04:00
1 Play Today
3 Clues Board Game % Correct
Reading, Boardwalk, JailMonopoly
97.9%
Candlestick, Study, MustardClue(do)
94.8%
Z, X, Double WordScrabble
93.3%
Colors, Left Foot, Right HandTwister
89.3%
J2, Sink, CarrierBattleship
86.6%
College, Marriage, Blue and Pink PegsGame of Life
84%
Reverse, Skip, WildUno
78%
Black, Red, KingCheckers
76.8%
3 Clues Board Game % Correct
Pawn, En Passant, GambitChess
75.2%
Wedge, Questions, HubTrivial Pursuit
72.7%
Lolly, Frostine, Gloppy the Molasses MonsterCandy Land
72.2%
Full House, Aces, DiceYahtzee
65.2%
Siam, Kamchatka, IrkutskRisk
59.7%
Sheep, Ore, GrainSettlers of Catan
42.5%
Spy, Flag, BombStratego
42.1%
Clay, Gnilleps, HumdingerCranium
26.1%

You're not logged in!

Compare scores with friends on all Sporcle quizzes.
OR
Log In

From the Vault

North American Capital Search

by Fusty

Where is North America hiding all its capitals? Such a sneaky continent.
Remove Ads.
Support Sporcle.
Get the best of Sporcle when you Go Orange. This ad-free experience offers more features, more stats, and more fun while also helping to support Sporcle. Thank you for becoming a member.

Show Comments

Extras

Top Quizzes Today


Score Distribution

Your Account Isn't Verified!

In order to create a playlist on Sporcle, you need to verify the email address you used during registration. Go to your Sporcle Settings to finish the process.

Report this User

Report this user for behavior that violates our Community Guidelines.

Details: